[Event "USA-ch Juniors 2020"]
[Site "Saint Louis"]
[Date "2020.10.14"]
[Round "5.4"]
[White "Jacobson, Brandon"]
[Black "Sheng, Joshua"]
[Result "1/2-1/2"]
[WhiteElo "2487"]
[BlackElo "2474"]
[Annotator "RC"]
[PlyCount "41"]
[EventDate "2020.10.13"]
[EventType "tourn"]
[EventCountry "USA"]
[SourceTitle "playchess.com"]
[Source "ChessBase"]
[SourceQuality "1"]
[TimeControl "1500+5"]

1. d4 {[%emt 0:00:05]} d5 {[%emt 0:00:05]} 2. c4 {[%emt 0:00:01]} c6 {[%emt 0:00:01]} 3. Nf3 {[%emt 0:00:03]} Nf6 {[%emt 0:00:01]} 4. e3 {[%emt 0:00:00]} e6 {[%emt 0:00:01]} 5. Bd3 {[%emt 0:00:05]} dxc4 {[%emt 0:00:09]} 6. Bxc4 {[%emt 0:00:02]} Nbd7 {[%emt 0:00:01]} 7. O-O {[%emt 0:00:13]} Bd6 {[%emt 0:00:03]} 8. Be2 {[%emt 0:00:47]} O-O {[%emt 0:00:28]} 9. Nbd2 {[%emt 0:00:02]} Bc7 {[%emt 0:02:44]} 10. Nc4 {[%emt 0:07:49]} b5 {[%emt 0:01:27]} 11. Nce5 {[%emt 0:00:36]} Bb7 {[%emt 0:01:12]} 12. Qc2 {[%emt 0:04:06]} Rc8 {[%emt 0:01:08]} 13. b4 {[%emt 0:00:15]} Nxe5 {[%emt 0:03:24]} 14. Nxe5 {[%emt 0:00:01]} c5 {[%emt 0:04:02]} 15. bxc5 {[%emt 0:01:37]} Bxe5 {[%emt 0:00:11]} 16. dxe5 {[%emt 0:00:00]} Nd7 {[%emt 0:00:01]} 17. Ba3 {[%emt 0:05:27]} Nxe5 {[%emt 0:06:05]} 18. f4 {[%emt 0:01:11]} Qa5 {[%emt 0:01:56]} 19. Qb2 {[%emt 0:01:47]} Nc6 {[%emt 0:00:28]} 20. Rab1 {[%emt 0:01:24]} Ba8 {[%emt 0:01:38]} 21. Bf3 {[%emt 0:00:31]} 1/2-1/2

[Event "USA-ch Juniors 2020"]
[Site "Saint Louis"]
[Date "2020.10.14"]
[Round "5.5"]
[White "Balakrishnan, Praveen"]
[Black "Xiong, Jeffery"]
[Result "0-1"]
[WhiteElo "2485"]
[BlackElo "2709"]
[Annotator "TA"]
[PlyCount "70"]
[EventDate "2020.10.13"]
[EventType "tourn"]
[EventCountry "USA"]
[SourceTitle "playchess.com"]
[Source "ChessBase"]
[SourceQuality "1"]

{[%evp 17,70,10,14,10,10,-8,-4,-10,-6,-8,0,-29,-27,-65,-58,-61,-54,-59,-39,-85,-89,-159,-162,-201,-208,-193,-197,-185,-183,-202,-192,-197,-176,-181,-159,-170,-177,-182,-168,-179,-126,-236,-217,-213,-169,-529,-529,-529,-529,-529,-521,-514,-514,-505,-497]} 1. d4 d5 2. c4 dxc4 3. e3 Nf6 4. Bxc4 e6 5. Nf3 c5 6. O-O Nc6 7. Nc3 a6 8. dxc5 Qxd1 9. Rxd1 Bxc5 10. a3 {10.Nd2 is more fashionable. has lost popularity (10.Nd2). D27: Queen's Gambit Accepted: Classical main line: 7 e4!? and 7 a4.} b5 11. Ba2 (11. b4 {seems wilder.} Be7 12. Be2 O-O 13. Bb2 Bb7 14. Nd2) 11... Bb7 12. b4 {The position is equal.} Be7 13. Bb2 O-O {[#]} 14. e4 $146 ({Predecessor:} 14. Nd4 Rfd8 15. Nxc6 {½-½ (15) Zarnicki,P (2499)-Sorin,A (2512) Buenos Aires 2002}) 14... Rfd8 15. Kf1 Rxd1+ 16. Rxd1 a5 17. e5 Ne8 18. bxa5 Rxa5 19. Rd7 (19. Bb1 $142) 19... Ba6 $17 ({Don't play} 19... Bxa3 20. Bxa3 Rxa3 21. Rxb7 $17 (21. Nxb5 Ba6 $17)) 20. Ke1 {intending Nd4.} Bxa3 21. Rd2 b4 22. Nd1 Nc7 23. Rc2 Bxb2 24. Rxb2 Nb5 25. Bc4 Ra1 {White must now prevent ...Nc3.} 26. Bxb5 Bxb5 27. Kd2 Ra3 28. Ne3 Rd3+ (28... h6 $19 29. Nc2 Rd3+ 30. Kc1 Rc3) 29. Ke1 (29. Kc1 $17) 29... b3 30. Nd2 Nd4 31. Nec4 $2 {[#]} (31. Ndc4 {is more resistant.}) 31... Nc2+ $19 {Black is clearly winning.} 32. Ke2 Rc3 33. Nxb3 Bxc4+ 34. Kd2 Rxb3 35. Rxc2 Ba6 {Av CentiPawn Loss W=-29/B=-8. Weighted=-55/-9} 0-1

[Event "USA-ch Juniors 2020"]
[Site "Saint Louis"]
[Date "2020.10.14"]
[Round "6.1"]
[White "Sevian, Samuel"]
[Black "Xiong, Jeffery"]
[Result "1-0"]
[WhiteElo "2660"]
[BlackElo "2709"]
[Annotator "TA"]
[PlyCount "125"]
[EventDate "2020.10.13"]
[EventType "tourn"]
[EventCountry "USA"]
[SourceTitle "playchess.com"]
[Source "ChessBase"]
[SourceQuality "1"]

{[%evp 14,125,31,4,17,0,0,19,22,11,6,16,35,35,40,43,43,44,39,46,40,41,41,29,29,24,40,37,79,85,120,122,135,52,45,39,71,75,83,83,87,66,80,36,35,24,41,24,29,20,19,38,23,18,126,69,64,66,56,28,93,97,103,9,10,0,102,67,100,96,99,88,109,125,128,107,98,85,95,96,96,86,93,78,147,182,167,108,180,183,171,173,179,179,227,237,320,318,378,256,377,360,12794,11142,1472,620,29951,29949,29996,29997,29997,29990,29994,29995]} 1. e4 e5 2. Nf3 Nc6 3. Bc4 Bc5 4. O-O Nf6 5. d3 d6 6. c3 h6 7. Nbd2 O-O 8. h3 a5 {C54: Giuoco Piano: 4 c3 Nf6, main lines with 5 d4 and 5 d3.} 9. Bb5 $5 {[%mdl 4] Leaves trodden paths.} Na7 10. Ba4 b5 {[%cal Bb7b5,Bb5b4][%mdl 32] The position is equal.} 11. Bc2 Nc6 12. Re1 {[#]} b4 $146 ({Predecessor:} 12... Re8 13. Nf1 d5 14. exd5 Qxd5 15. Ng3 Be6 16. Qe2 Qd7 17. Be3 Bf8 18. Bd2 Nd5 {0-1 (56) Chigaev,M (2644)-Maghsoodloo,P (2664) Khanty-Mansiysk 2019}) 13. Nf1 Bb6 14. Ng3 Re8 15. d4 Bd7 16. a3 bxc3 17. bxc3 a4 18. Rb1 Na5 19. Bxa4 Bxa4 20. Qxa4 Qd7 21. Qc2 exd4 22. cxd4 Qc6 23. Qxc6 (23. Qd3 $16) 23... Nxc6 $14 24. Bb2 Ra4 {[%cal Rc6d4]} 25. d5 Nb8 26. Bxf6 $1 gxf6 27. Rb3 Nd7 28. Nh2 h5 29. Nxh5 f5 $1 30. Rg3+ Kf8 31. Rg5 Rexe4 32. Rxe4 fxe4 33. Ng4 {Nh6 is the strong threat.} e3 (33... Bd4 $11 {keeps the balance.}) 34. Nxe3 (34. fxe3 $16 Rxa3 35. Kf2) 34... Bxe3 35. fxe3 Rxa3 $16 {[%mdl 4096] Endgame KRN-KRN} 36. e4 Ne5 (36... Ra4 $11) 37. Nf6 Ke7 38. Ng8+ ({Better is} 38. Rf5 $16) 38... Kf8 $1 $11 39. Nf6 (39. Nh6 $11) 39... Ke7 $16 40. Ng4 (40. Rf5 {feels hotter.} Ng6 41. Ng4 Kf8 42. Rf3 Ra4 43. Nf6) 40... Ng6 41. Rf5 Ra4 42. Nh6 Rxe4 43. Rxf7+ Kd8 44. Ng4 Rd4 45. Rf5 Ke7 46. g3 Ke8 47. Rg5 Ne7 48. Ne3 c5 (48... Rd2 $142) 49. dxc6 $1 Nxc6 50. Kf2 ({White should play} 50. Rd5 $18) 50... Ne5 {[#]} (50... Rd2+ $16 51. Kf3 Ne5+ 52. Kf4 Kf7) 51. Nf5 $1 $18 {[%cal Rf5d4]} Rd2+ 52. Ke3 {Hoping for Rg8+.} Nc4+ {[#]} 53. Kf4 $1 Kf7 54. Rh5 d5 55. Rh7+ Kg6 56. Rh6+ Kf7 57. Kg5 Ne5 $2 (57... Rd3 58. h4 Rc3) 58. Rh7+ Kg8 59. Rb7 (59. Rc7 $142 Re2 60. Kf6) 59... d4 {If only Black now had time for ...d3....} 60. Kf6 {White mates.} Nc4 61. Nh6+ Kh8 62. Re7 Rf2+ 63. Kg6 {Av CentiPawn Loss W=-40/B=125. Weighted=-43/21} 1-0

[Event "USA-ch Juniors 2020"]
[Site "Saint Louis"]
[Date "2020.10.14"]
[Round "6.2"]
[White "Sheng, Joshua"]
[Black "Balakrishnan, Praveen"]
[Result "0-1"]
[WhiteElo "2474"]
[BlackElo "2485"]
[Annotator "TA"]
[PlyCount "96"]
[EventDate "2020.10.13"]
[EventType "tourn"]
[EventCountry "USA"]
[SourceTitle "playchess.com"]
[Source "ChessBase"]
[SourceQuality "1"]

{[%evp 9,96,36,48,60,50,31,37,38,59,49,59,64,50,66,59,51,59,39,34,32,34,31,35,0,17,0,7,9,14,12,0,0,0,-18,0,0,0,0,0,0,0,5,16,5,57,54,41,51,51,25,22,12,14,0,0,-15,0,0,0,0,0,0,0,0,0,-267,-275,-269,0,0,0,0,0,0,0,0,41,38,37,14,15,0,0,0,0,-170,0,-585,-652]} 1. c4 e5 2. Nc3 Bb4 3. Nd5 Bc5 4. e3 c6 5. d4 Bf8 6. Nc3 {A21: English Opening: 1...e5 2 Nc3.} exd4 7. Qxd4 Nf6 8. e4 {White is slightly better.} d6 9. Bf4 {[#]} Qb6 $146 ({Predecessor:} 9... Nh5 10. Be3 Be6 11. O-O-O Qc7 12. f4 Bg4 13. Be2 Bxe2 14. Ngxe2 Nd7 15. g4 Nhf6 16. g5 Nh5 17. Ng3 Nxg3 18. hxg3 a6 {1-0 (33) Zvarik,M (2319)-Toma,R (2053) Banska Stiavnica 2016}) 10. Qd2 Be7 11. Nf3 O-O 12. Be2 Na6 13. O-O Nc5 14. Qc2 Bg4 15. Rad1 Rfe8 16. Rfe1 Bf8 {[%cal Rc5e4]} 17. Nd2 Bxe2 18. Rxe2 Ne6 19. Be3 Nd4 20. Bxd4 $1 Qxd4 21. Na4 b5 22. cxb5 cxb5 23. Nc3 $36 {[%mdl 2048] White has the initiative.} Rac8 {Threatening ...b4.} 24. Nb3 Qe5 {And now ...b4 would win.} 25. Qd3 a6 26. g3 Rc4 (26... Qh5 $11) 27. Kg2 $14 Nd7 28. Na5 Rcc8 29. a3 Qh5 30. f3 Ne5 31. Qe3 f5 32. Rd5 fxe4 33. Nxe4 Qf7 34. Red2 ({Much worse is} 34. Nxd6 Qxd5 35. Nxc8 Rxc8 $17) 34... Rc1 {aiming for ...Nxf3!} 35. Ng5 Qg6 {White must now prevent ...Ng4!} 36. Re2 Rcc8 {Hoping for ...Ng4!} 37. Rxe5 $4 {[%mdl 8192]} (37. Ne4 $11 {and White has nothing to worry.}) 37... Rxe5 $19 (37... dxe5 $2 {loses.} 38. Qb3+ Re6 39. Nxe6 $18) 38. Qb3+ {[#]} Kh8 $2 ({Black should play} 38... Rc4 $1 $19 39. Ne4 d5 40. Nxc4 bxc4) 39. Nf7+ $11 {[#]} Qxf7 $1 {[%mdl 512]} 40. Qxf7 Rxe2+ 41. Kh3 Rxb2 {[#]} 42. Nc6 $1 {[%mdl 512]} Re2 (42... Rc2 $5 {[%cal Rc2c6]} 43. Nd4 R2c7 $11) (42... Rxc6 43. Qxf8#) 43. Qb7 {[%mdl 1024] White has compensation.} Ree8 44. Nd4 Ra8 45. Ne6 Rab8 46. Qd7 a5 47. Nc7 $2 {[#]} (47. Nd4 $11 {and White stays safe.}) 47... Red8 $2 (47... Re7 $1 $19 {[%cal Re7d7]} 48. Qxd6 b4) 48. Qf7 $2 {[%mdl 8192]} (48. Qf5 $11 {and White is okay.}) 48... Rb7 {Av CentiPawn Loss W=-28/B=-12. Weighted=-28/-16} 0-1

[Event "USA-ch Juniors 2020"]
[Site "Saint Louis"]
[Date "2020.10.14"]
[Round "6.3"]
[White "Yoo, Christopher Woojin"]
[Black "Jacobson, Brandon"]
[Result "1-0"]
[WhiteElo "2455"]
[BlackElo "2487"]
[Annotator "TA"]
[PlyCount "181"]
[EventDate "2020.10.13"]
[EventType "tourn"]
[EventCountry "USA"]
[SourceTitle "playchess.com"]
[Source "ChessBase"]
[SourceQuality "1"]

{[%evp 13,181,38,49,22,43,40,75,25,17,25,25,25,23,-8,-8,-12,0,-6,14,12,12,10,3,4,8,-2,16,0,0,0,47,-156,-135,-181,500,498,558,535,537,557,541,534,502,508,500,187,185,185,190,190,185,191,193,188,191,173,183,155,157,157,164,132,144,124,149,144,147,155,163,158,163,157,182,182,197,184,188,127,181,0,190,182,222,192,230,190,210,211,204,204,223,221,276,268,278,293,317,311,308,268,323,301,383,368,322,265,279,194,324,261,256,256,272,267,283,286,290,282,282,248,309,281,303,277,277,265,265,114,235,235,298,235,252,237,286,243,237,197,221,200,257,262,277,251,299,260,245,205,252,200,228,212,292,276,276,223,212,210,394,380,372,339,339,322,493,496,427,410,2385,1922]} 1. e4 c5 2. g3 g6 3. Bg2 Bg7 4. Ne2 d6 5. O-O Nc6 6. c3 Nf6 7. d4 O-O 8. h3 {B06: Modern Defence.} Qb6 9. Na3 Rd8 10. Nc4 {White is better.} Qa6 11. Ne3 {[#]} cxd4 $146 ({Predecessor:} 11... b5 12. d5 Na5 13. f4 Nd7 14. h4 Bb7 15. Kh2 Nb6 16. f5 Nac4 17. Ng4 Nd7 {0-1 (51) Duncan,L (1931)-Singh,R (2077) Port of Spain 2013}) 12. cxd4 e5 13. dxe5 (13. d5 {is interesting.} Nb4 14. a4 Nd3 15. b3 Bd7 16. Ba3) 13... dxe5 14. Nd5 Nxd5 15. exd5 Nd4 16. Nxd4 exd4 17. Bg5 Re8 18. Re1 $36 {[%mdl 2048] White has some pressure.} Bd7 19. Qd2 Bb5 20. Qf4 f6 21. Bh6 g5 22. Qxd4 $2 (22. Qf5 $1 $14 {is the one way to stay ahead.} Bxh6 23. d6 $1 {[%mdl 512]}) 22... Bxh6 $17 23. d6 Bd7 $4 {[%mdl 8192] [#]} (23... Rad8 $19 {and all is fine.} 24. a4 Bc6 25. Qxf6 Bg7 26. Qxg5 Qd3) 24. Re7 $1 $18 {White wants to mate with Bd5+.} Rxe7 25. dxe7 Qa4 26. Rd1 Qxd4 27. Rxd4 Re8 28. Rxd7 {[%mdl 4096] Endgame Threatens to win with Bd5+. KRB-KRB} f5 29. Bf3 $2 (29. Bxb7 Kf7 30. Bd5+ {[%mdl 64] Discovered Attack} Kf6 31. Rd6+ Ke5 32. Rxh6 Kxd5 33. Rxh7) 29... g4 30. hxg4 fxg4 31. Bxg4 Bg5 32. Rxb7 Rxe7 33. Rb5 Bf6 34. Kg2 Bd4 35. Kf3 Rc7 36. Bf5 Bb6 37. Rb4 h6 38. Rg4+ Kf7 39. Rg6 Rc5 40. Be4 h5 41. Rd6 Ke7 42. Rd2 Kf6 43. Kg2 Rc1 44. Bf3 Rc5 45. Rd6+ (45. b4 $18 Rc4 46. Bxh5) 45... Kg7 (45... Ke5 $16 46. Rd2 Kf6) 46. Rd2 Kf6 $1 47. Bd1 Kg7 48. f4 Kf6 49. Kf3 Kg7 50. Bb3 Rc1 51. Rd5 Rf1+ 52. Kg2 Rf2+ 53. Kh3 Rxb2 54. Rxh5 Rb1 55. Kg4 Rg1 56. Rh2 Kf6 57. Re2 Bc5 58. Re6+ Kg7 59. Re5 Bb6 60. a4 Kf6 (60... Bf2 $142) 61. Rf5+ Ke7 62. Rg5 Rb1 63. Bc4 Rb4 64. Bb5 Kf6 65. Rf5+ Kg7 66. Rd5 Rb3 67. Rd2 Kf6 68. Rh2 Kg7 69. Rg2 Kf6 70. Kh5 (70. Re2 $18 {has better winning chances.}) 70... Rc3 {This move loses the game for Black.} (70... Ba5 $16 71. Kh4 Be1) 71. Kh4 Rb3 72. Re2 Be3 73. Kg4 Bb6 74. Rc2 Kg7 75. Bc6 Kf6 76. Bf3 Rb4 77. Bd1 Rb1 78. Rd2 Ra1 79. Rd3 Rc1 80. Kf3 Bc7 81. Rd7 Rc3+ 82. Ke4 Rc4+ 83. Kd3 Rc1 84. Bc2 Bb6 85. a5 Bf2 $2 (85... Bxa5 86. Rxa7 Bd8 87. Ra6+ Kg7) 86. g4 Rg1 87. Ke2 Bc5 88. Bf5 Rg3 (88... Ra1 {was called for.} 89. Rd5 Ra2+ 90. Kd3 Ra3+ 91. Kc4 Be7 92. g5+ Kg7) 89. Rd5 Be3 90. g5+ Ke7 (90... Kf7 $142 91. g6+ Kf6) 91. Re5+ {[%mdl 64] Double Attack. Av CentiPawn Loss W=-29/B=-42. Weighted=-24/-38} 1-0

[Event "USA-ch Juniors 2020"]
[Site "Saint Louis"]
[Date "2020.10.14"]
[Round "6.4"]
[White "Tiglon, Bryce"]
[Black "Checa, Nicolas"]
[Result "0-1"]
[WhiteElo "2393"]
[BlackElo "2527"]
[Annotator "TA"]
[PlyCount "88"]
[EventDate "2020.10.13"]
[EventType "tourn"]
[EventCountry "USA"]
[SourceTitle "playchess.com"]
[Source "ChessBase"]
[SourceQuality "1"]

{[%evp 13,88,50,61,62,61,39,50,43,49,47,56,54,80,32,37,18,35,37,27,27,19,9,0,0,0,0,3,-13,-14,-39,-41,-59,-45,-39,-39,-41,-42,-47,-43,-54,-51,-55,-52,-66,-54,-58,-43,-53,-51,-54,-51,-47,-48,-52,-55,-59,-50,-57,-25,-23,-29,-42,-39,-70,-71,-95,-95,-79,-93,-93,-91,-86,-80,-79,-72,-78,-8]} 1. e4 e6 2. d4 d5 3. Nc3 dxe4 4. Nxe4 Bd7 5. Nf3 Bc6 6. Bd3 Nd7 7. c3 Ngf6 8. Nxf6+ {C10: French with 3 Nc3: Unusual Black 3rd moves and 3...dxe4.} Nxf6 9. Bf4 Bxf3 10. Qxf3 {White is slightly better.} c6 11. O-O Qd5 12. Qe2 Qh5 {[#]} 13. Qxh5 $146 ({Predecessor:} 13. Qc2 Rd8 14. Qb3 Rd7 15. Rae1 Qa5 16. Be5 Qb6 17. Qxb6 axb6 18. f4 Bd6 19. f5 Bxe5 20. Rxe5 {½-½ (35) Ter Sahakyan,S (2551)-Gorbatov,A (2389) Riga 2018}) 13... Nxh5 14. Be5 O-O-O 15. Be2 Nf6 16. Bxf6 gxf6 17. b4 e5 18. dxe5 fxe5 19. Bg4+ Kc7 20. Rad1 Bh6 21. c4 Bd2 22. b5 Rd4 23. bxc6 bxc6 24. Be2 Rhd8 25. Rb1 Ba5 26. c5 Bb4 27. Rfc1 a5 28. Ba6 Ra8 29. Bc4 f6 30. Rc2 Rad8 31. g3 Rd2 32. Rbb2 Rxc2 33. Rxc2 Bxc5 $15 {[%mdl 4096] Endgame KRB-KRB} 34. Bf1 Bd4 35. Kg2 Rb8 36. Bd3 h6 37. Be4 c5 {[%cal Bc6c5,Bc5c4,Bc4c3][%mdl 32]} 38. Kf3 Rb4 39. Re2 {[#]Black is better.} Kd6 $1 40. Kg4 Bxf2 41. Kf5 Bg1 42. h4 c4 43. Kxf6 c3 44. Kf5 Rb2 {[%mdl 32768] Av CentiPawn Loss W=-7/B=-5. Weighted=-6/-5. Loss on time!?} (44... Rb8 $17 45. g4 Rh8) 0-1

[Event "USA-ch Juniors 2020"]
[Site "Saint Louis"]
[Date "2020.10.14"]
[Round "6.5"]
[White "Burke, John M"]
[Black "Shen, Christopher"]
[Result "1/2-1/2"]
[WhiteElo "2538"]
[BlackElo "2354"]
[Annotator "TA"]
[PlyCount "73"]
[EventDate "2020.10.13"]
[EventType "tourn"]
[EventCountry "USA"]
[SourceTitle "playchess.com"]
[Source "ChessBase"]
[SourceQuality "1"]

{[%evp 10,73,13,21,25,21,20,14,23,17,27,-7,0,0,14,0,0,0,0,-10,-29,-5,108,0,0,0,7,6,67,62,63,50,121,73,72,21,18,7,7,0,0,-13,0,0,0,0,0,0,0,0,0,-2,-3,-16,-18,-54,0,-12,0,0,0,-12,0,-1,0,-12]} 1. e4 e6 2. d4 d5 3. Nd2 c5 4. Ngf3 cxd4 5. exd5 Qxd5 6. Bc4 Qd7 {C07: French Tarrasch: 3...c5, 4 Ngf3 and 4 exd5 Qxd5.} 7. O-O Nc6 8. Nb3 {[%cal Rb3d4]} a6 9. a4 Nf6 10. Qe2 Bd6 11. Rd1 Qe7 12. Nbxd4 Nxd4 13. Rxd4 e5 $1 {[%cal Re5d4]} 14. Rxd6 Qxd6 15. b3 {[#] Strongly threatening Ba3.} Bg4 $146 {[#]} (15... e4 $11 {remains equal.}) ({Predecessor:} 15... Be6 16. Ba3 Bxc4 17. Qxc4 Qd5 18. Qc3 Nd7 19. Re1 f6 20. Re3 Qd1+ 21. Ne1 Qg4 {½-½ (57) Nyzhnyk,I (2649)-Lenderman,A (2640) Philadelphia 2019}) 16. Bxf7+ $1 {[%mdl 512]} Kxf7 $11 17. Nxe5+ {[%mdl 64] Double Attack, Discovered Attack} Kg8 18. Nxg4 {aiming for Qc4+.} h6 (18... h5 $11 19. Qc4+ Kh7) 19. Bb2 $1 $14 {[%cal Rb2f6]} Nxg4 $1 20. Qxg4 {[%csl Gb2][%cal Rg4g7]} Qc7 (20... Qe7 $1 $14) 21. Rd1 Re8 22. h4 (22. Kf1 $16 {Hoping for Rd7!} h5 23. Qd7 Qxd7 24. Rxd7) 22... h5 $1 $11 {[%cal Rh5g4]} 23. Qg6 Qf7 24. Qxf7+ Kxf7 {[%mdl 4096] Endgame KRR-KRB} 25. Rd3 Rh6 26. Kf1 Re7 27. g3 Rhe6 28. Ba3 Rc7 29. c4 g6 30. Bd6 Rd7 31. c5 Re4 32. Kg2 Ke8 ({Better is} 32... Ke6 $15) 33. Rd5 {The position is equal.} Rf7 34. Bf4 Rd7 35. Bd6 Rf7 36. Bf4 Rd7 37. Bd6 {Av CentiPawn Loss W=-12/B=-11. Weighted=-13/-12} 1/2-1/2

[Event "USA-ch Juniors 2020"]
[Site "Saint Louis"]
[Date "2020.10.15"]
[Round "7.1"]
[White "Shen, Christopher"]
[Black "Sevian, Samuel"]
[Result "0-1"]
[WhiteElo "2354"]
[BlackElo "2660"]
[Annotator "TA"]
[PlyCount "116"]
[EventDate "2020.10.13"]
[EventType "tourn"]
[EventCountry "USA"]
[SourceTitle "playchess.com"]
[Source "ChessBase"]
[SourceQuality "1"]

{[%evp 23,116,20,22,12,10,9,8,-48,-41,-47,-37,-66,-76,-123,-77,-81,-101,-102,-98,-104,0,-8,-8,-2,36,-1,-8,-66,-58,-118,-117,-156,-117,-233,-246,-258,-253,-256,-256,-308,-292,-289,-290,-309,-307,-317,-270,-399,-354,-433,-411,-581,-581,-569,-570,-553,-429,-424,-417,-410,-410,-348,-349,-610,-618,-592,-580,-682,-690,-836,-798,-823,-773,-870,-629,-726,0,-883,-852,-946,-957,-4706,-2169,-29966,-6079,-29974,-29945,-2167,-970,-29981,-29982,-29985,-29984,-29984,-29985]} 1. d4 g6 2. c4 Bg7 3. Nf3 d6 4. g3 Nf6 5. Bg2 O-O 6. O-O Nbd7 7. Nc3 e5 8. e4 exd4 9. Nxd4 Re8 10. h3 Nc5 11. Re1 Bd7 12. Bf4 {is more profitable than 12.Rb1 at the moment. Played by Maxime Vachier Lagrave in October 2020.} h6 13. Qc2 {E68: King's Indian: Fianchetto: 6...Nbd7 7 0-0 e5 8 e4.} (13. b3 {is interesting.} a5 14. Rb1 Nh7 15. h4 Nf6 16. Qd2) 13... Nfxe4 14. Nxe4 Bxd4 15. Bxh6 (15. Qd2 $11 Ne6 16. Bxh6) 15... Nxe4 $15 16. Bxe4 Bxh3 {[#]} 17. Bxg6 $1 {[%mdl 512]} Qf6 $1 {[%mdl 64] Pin} ({Stronger than} 17... fxg6 18. Qxg6+ Kh8 19. Qh5 $16) 18. Bh7+ Kh8 {( -> ...Qf3)} 19. Bf4 Bxb2 20. Rab1 {[#] Strongly threatening Rxe8+.} Rxe1+ $1 21. Rxe1 {[#]} Be5 $146 (21... Kg7 $1 $17 22. Be4 Re8) ({Predecessor:} 21... Kg7 22. Be4 Re8 23. Re2 b6 24. Qa4 Re7 25. Qc6 Be5 26. Bxe5 Rxe5 27. f4 Rc5 28. Qe8 Qd4+ {0-1 (27) Sanchez Guirado,F (2408)-Illescas Cordoba,M (2624) Merida 2005}) 22. Bxe5 dxe5 23. Be4 c6 24. Qe2 {[%mdl 1024] And now Qh5+ would win. White has compensation.} Kg7 25. Bc2 ({Much weaker is} 25. Qh5 Be6 $17) ({White should play} 25. g4 $11) 25... Be6 26. a3 {Black continues to play with concentration.} (26. Bb3 $15) 26... Rd8 $17 27. c5 Rd5 28. Qe3 (28. Rb1 $17 {might work better.}) 28... Qh6 $19 29. Qc3 Qd2 30. Qxd2 Rxd2 {[%mdl 4096] Endgame KRB-KRB} 31. Be4 f5 32. Bg2 Kf6 33. Rb1 Bc8 34. Rc1 e4 35. Kf1 (35. g4 $142) 35... Ke5 36. Ke1 Ra2 37. Rc3 (37. Bf1 {was called for.}) 37... Kd4 38. Re3 Kxc5 39. g4 fxg4 40. Bxe4 a5 41. Bg6 b5 42. Rc3+ Kb6 43. Bf7 $2 (43. f4) 43... Ra1+ 44. Kd2 c5 45. Re3 c4 46. Bg8 Ra2+ 47. Ke1 Bf5 48. Bf7 Ra1+ 49. Kd2 Ra2+ 50. Ke1 Rb2 51. Bg8 Bd3 52. Be6 Kc5 53. Bxg4 Kd4 54. Re8 Rb1+ 55. Bd1 Bc2 (55... b4 $142 56. a4 b3 57. Rd8+ Kc3) 56. Rd8+ Kc3 {Black mates.} 57. f4 b4 58. axb4 axb4 {Av CentiPawn Loss W=473/B=-81. Weighted=176/-91} 0-1

[Event "USA-ch Juniors 2020"]
[Site "Saint Louis"]
[Date "2020.10.15"]
[Round "7.2"]
[White "Checa, Nicolas"]
[Black "Burke, John M"]
[Result "1/2-1/2"]
[WhiteElo "2527"]
[BlackElo "2538"]
[Annotator "TA"]
[PlyCount "85"]
[EventDate "2020.10.13"]
[EventType "tourn"]
[EventCountry "USA"]
[SourceTitle "playchess.com"]
[Source "ChessBase"]
[SourceQuality "1"]

{[%evp 14,85,10,0,16,4,23,12,24,5,31,19,37,14,0,0,0,0,0,-18,-18,-19,-18,-14,-5,-14,-16,-12,29,29,58,20,40,31,36,32,68,68,72,72,75,68,184,184,184,183,184,178,177,177,170,162,294,301,288,256,234,222,308,42,65,57,45,0,0,0,0,0,0,0,0,0,0,0]} 1. d4 Nf6 2. c4 g6 3. Nc3 d5 4. cxd5 Nxd5 5. Bd2 Bg7 6. e4 Nxc3 7. Bxc3 O-O 8. Qd2 Nd7 {D85: Exchange Grünfeld: Unusual White 7th moves and lines with 7 Nf3.} 9. Nf3 b6 10. Bd3 e6 11. h4 c5 12. h5 cxd4 13. Nxd4 Nc5 14. Bc2 e5 15. Nc6 Qxd2+ $1 {[#]} 16. Kxd2 $146 ({Predecessor:} 16. Bxd2 Re8 17. Bg5 Bb7 18. Ne7+ Kf8 19. Nd5 Ne6 20. Be3 Rac8 21. Ba4 Red8 22. Bb3 {½-½ (66) Ragger,M (2680)-Muzychuk,A (2520) Munich 2016}) 16... Re8 $1 17. hxg6 hxg6 18. Nb4 Bb7 19. f3 Rad8+ 20. Ke3 $1 Bf6 21. Rad1 Ne6 22. Bb3 Nd4 23. Bd5 a5 24. Bxb7 axb4 25. Bxd4 $1 exd4+ 26. Kd3 Be7 27. Bd5 Bc5 ({Black should try} 27... Kg7 $14) 28. Rh6 $18 Kg7 29. Rdh1 {Strongly threatening Rh7+.} f5 30. Rh7+ Kf6 {[#]} 31. f4 $1 {[%csl Gd5][%cal Rh7f7]} fxe4+ 32. Bxe4 Rg8 (32... Rxe4 $142 33. Kxe4 Re8+ 34. Kd3 Re3+ 35. Kc4 Rg3) 33. g4 Rg7 34. R7h6 Kf7 35. Re1 Rd6 36. Kc4 $2 ({Only move:} 36. g5 $18 {aiming for f5.} Kg8 37. Bf3) 36... d3 $1 $14 37. Bd5+ Kf6 {[#] ...Rc7 is the strong threat.} 38. Rh8 {Rf8+ would kill now.} (38. Re5 $5 {[%cal Rg4g5]} Rgd7 39. Rh3 $14) 38... Rc7 {The position is equal.} (38... Rgd7 $5 39. Rf8+ $8 Kg7 40. Rg8+ Kf6 41. Rf8+ Kg7 42. Rg8+ Kf6 43. Rf8+ $11) 39. Rf8+ Kg7 40. Rg8+ Kf6 {And now ...Bf2+ would win.} 41. Rf8+ Kg7 42. Rg8+ Kf6 {Threatens to win with ...Bf2+.} 43. Rf8+ {Black defended with fortune. Av CentiPawn Loss W=-14/B=-15. Weighted=-17/-16} 1/2-1/2